| 000 | 00553nam a2200169 a 4500 | ||
|---|---|---|---|
| 005 | 20220621063710.0 | ||
| 008 | 030926s1962 ag r 000 0 spa d | ||
| 035 | _aUPN01000129261 | ||
| 049 | _aCG | ||
| 050 | 4 |
_aPC4705 _bA54 |
|
| 245 | 0 | 0 |
_aAntología y comentarios de textos / _cMa. Hortensia Palisa Mújica de Lacau ... [et al.]. |
| 260 |
_aBuenos Aires : _bKapelusz, _c1962. |
||
| 300 | _a313 p. | ||
| 650 | 4 |
_aEspañol _xPlanes y programas _917041 |
|
| 700 | 1 |
_aLacau, María Hortensia Palisa Mujica de, _d1910-2006 _ecoaut. _928851 |
|
| 905 | _aLibro | ||
| 999 |
_c101433 _d101433 |
||